LEADER 00952nam0-22002891--450- 001 990008239640403321 005 20080414163557.0 035 $a000823964 035 $aFED01000823964 035 $a(Aleph)000823964FED01 035 $a000823964 100 $a20051205d1988----km-y0itay50------ba 101 0 $aita 102 $aIT 105 $ay---n---001yy 200 1 $a<>espropriazioni per causa di pubblica utilità nell'attuale momento legislativo e di indirizzo giurisprudenziale$fPaolo Rossi 210 $aFirenze$cNoccioli$d1988 215 $a123 p.$d23 cm 676 $a343.450 252$v21$zita 700 1$aRossi,$bPaolo$f<1964- ;$cCorciano>$0307807 801 0$aIT$bUNINA$gRICA$2UNIMARC 901 $aBK 912 $a990008239640403321 952 $aVI D 825$b2977$fDDA 959 $aDDA 996 $aEspropriazioni per causa di pubblica utilità nell'attuale momento legislativo e di indirizzo giurisprudenziale$9737411 997 $aUNINA